000 00740cam a22002653a 4500
001 3722
003 PGUSA
005 20140828083037.0
008 030201s2003||||xxu|||||s|||||000 1 eng d
040 _aPGUSA
_beng
042 _adc
050 4 _aPS
050 4 _aPZ
100 1 _aStratton-Porter, Gene,
_d1863-1924
245 1 2 _aA Daughter of the Land
_h[electronic resource] /
_cGene Stratton-Porter
260 _bProject Gutenberg,
_c2003
506 _aPublic domain in the USA.
516 _aElectronic text
653 _aFarm life -- Indiana -- Fiction
653 _aIndiana -- Fiction
653 _aSex role -- Fiction
830 0 _aProject Gutenberg
_v3722
856 4 0 _uhttp://www.gutenberg.org/ebooks/3722
942 _cEB
999 _c233051
_d233051